Rhymes With Bees - Statistics

General Stats
  • This quiz has been taken 458 times
  • The average score is 21 of 32
Answer Stats
Hint Answer % Correct
T Teas
92%
F Fees
88%
T Trees
87%
K Keys
85%
P Peas
85%
S Sees
85%
B Breeze
84%
P Please
84%
E Ease
81%
F Freeze
81%
F Fleas
78%
S Seas
78%
T Tease
78%
S Sneeze
77%
W Wheeze
76%
H He's
75%
J Jeez
73%
C Cheese
72%
T Tees
67%
F Flees
66%
T These
65%
S She's
63%
S Sleaze
63%
F Frees
62%
S Seize
59%
K Knees
58%
S Squeeze
49%
T Tweeze
40%
S Skis
35%
S Sprees
33%
B Bries
17%
K Keyes
5%
No matching quizzes found
Score Distribution
Percent of People with Each Score
Percentile by Number Answered
Your Score History
You have not taken this quiz